Dynamic HTML : the definitive reference / (Record no. 8956)
[ view plain ]
| 000 -LEADER | |
|---|---|
| fixed length control field | 01061nac a22002651u 4500 |
| 010 ## - LIBRARY OF CONGRESS CONTROL NUMBER | |
| LC control number | 2007273943 |
| 020 ## - INTERNATIONAL STANDARD BOOK NUMBER | |
| International Standard Book Number | 0596527403 (pbk.) |
| 020 ## - INTERNATIONAL STANDARD BOOK NUMBER | |
| International Standard Book Number | 9780596527402 : |
| 082 ## - DEWEY DECIMAL CLASSIFICATION NUMBER | |
| Classification number | 006.74 22 |
| Item number | GOO |
| 090 ## - LOCALLY ASSIGNED LC-TYPE CALL NUMBER (OCLC); LOCAL CALL NUMBER (OCLC) | |
| -- | 8956 |
| -- | 8956 |
| 100 ## - MAIN ENTRY--PERSONAL NAME | |
| Personal name | Goodman, Danny |
| 245 10 - TITLE STATEMENT | |
| Title | Dynamic HTML : the definitive reference / |
| Statement of responsibility, etc | Danny Goodman. |
| 250 ## - EDITION STATEMENT | |
| Edition statement | 3rd ed. |
| 260 ## - PUBLICATION, DISTRIBUTION, ETC. (IMPRINT) | |
| Place of publication, distribution, etc | Beijing ; |
| -- | Sebastopol, CA : |
| Name of publisher, distributor, etc | O'Reilly,2007. |
| Date of publication, distribution, etc | c2007 |
| 300 ## - PHYSICAL DESCRIPTION | |
| Extent | 1307 p. : |
| Other physical details | ill. ; |
| Dimensions | 24 cm. |
| 500 ## - GENERAL NOTE | |
| General note | "A comprehensive resource for HTML, CSS, DOM, & JavaScript"--Cover. |
| 500 ## - GENERAL NOTE | |
| General note | Includes index. |
| 500 ## - GENERAL NOTE | |
| General note | Distributer: Bacca |
| 511 ## - PARTICIPANT OR PERFORMER NOTE | |
| Participant or performer note | Catalogued by: Sara |
| 650 #0 - SUBJECT ADDED ENTRY--TOPICAL TERM | |
| Topical term or geographic name as entry element | DHTML (Document markup language) |
| 856 41 - ELECTRONIC LOCATION AND ACCESS | |
| Materials specified | Table of contents only |
| Uniform Resource Identifier | <a href="http://www.loc.gov/catdir/toc/fy0710/2007273943.html">http://www.loc.gov/catdir/toc/fy0710/2007273943.html</a> |
| 856 41 - ELECTRONIC LOCATION AND ACCESS | |
| Materials specified | Publisher description |
| Uniform Resource Identifier | <a href="http://www.loc.gov/catdir/enhancements/fy0715/2007273943-d.html">http://www.loc.gov/catdir/enhancements/fy0715/2007273943-d.html</a> |
| 942 ## - ADDED ENTRY ELEMENTS (KOHA) | |
| Item type | |
| Call number prefix | 006.74 22 GOO |
| Withdrawn status | Item status | Damaged status | Not for loan | Home library | Current library | Shelving location | Date acquired | Source of acquisition | Total Checkouts | Total Renewals | Full call number | Barcode | Date last seen | Date last borrowed | Koha item type |
|---|---|---|---|---|---|---|---|---|---|---|---|---|---|---|---|
| Central Library | Central Library | Lower Floor | 31/03/2008 | Purchase | 4 | 3 | 006.74 22 GOO | 000010879 | 15/07/2025 | 17/05/2018 | Book - Borrowing | ||||
| Central Library | Central Library | Lower Floor | 31/03/2008 | Purchase | 006.74 22 GOO | 000010880 | 15/07/2025 | NB - Book (Non borrowing) |